Postrojenije ekspertnych sistem = Building expert systems /

Salvato in:
Dettagli Bibliografici
Autore principale: Hayes, Roth Frederick (Autore)
Natura: Libro
Lingua:russo
Pubblicazione: Moskva : Mir, 1987
Tags: Aggiungi Tag
Nessun Tag, puoi essere il primo ad aggiungerne!!

MARC

LEADER 00000nam a22000003a 4500
001 stu4775
005 20150617225811.9
008 931105s1987----xxr-----------------rus-d
040 |a STU  |b slo 
041 0 |a rus 
044 |a xxr 
080 |a 681.322.06 
080 |a 519.71  |7 stu_us_auth*stu8254 
100 1 |a Hayes, Roth Frederick  |4 aut 
245 1 |a Postrojenije ekspertnych sistem = Building expert systems /  |c Edit.: Hayes-Roth,F 
260 |a Moskva :  |b Mir,  |c 1987 
300 |a 741 s 
996 |b E65056  |c E*65056  |l EE03  |s P  |a 0  |w stu4775_0001